000 01714nam a2200469 a 4500
999 _c205297
_d205297
003 BLK
005 20250802162958.0
008 180411b bul|||||r ||||||| ||bul||
010 _aKNG00214902000
020 _a978-954-8396-81-3
020 _a978-954-8396-80-6
040 _aBLK
041 _aBUL
_cBUL
072 7 _2bullib
_aН85
_xДетска художествена литература Н
080 _aАмериканска литература (на САЩ)
_b821.111(73)
_x-93-32
_z821.111(73)-93-32
100 1 _aКини, Джеф
_eпърви автор
_9309890
139 _aКини, Джеф
_bК 54
245 1 0 _aДневникът на един Дръндьо : Доброто старо време : Ч.10
_cДжеф Кини ; прев. от англ. Михаил Балабанов.
257 _aUSA
260 _aСофия
_bДУО ДИЗАЙН
_c2017
300 _a218 с.
_bс ил.
_c21 см
380 _aDX
500 _aОриг. загл. Diary of a Wimpy Kid. Old School / Jeff Kinney. - Съдържа и За автора. - Кн. 10.
653 _aповести
653 _aлитература за деца
653 _aдетска литература
659 _aН
700 _aБалабанов, Михаил Петров
_eпрев.
_9443003
852 _aЦб 295095
856 4 _qpdf
_i0.00
_ldisable
856 4 _qpdf
_i0.00
_ldisable
942 _cKNG
_n0
_0316
_s1
944 _aCR
_c16.12.2017
_lИва Цветкова
_k30543
944 _aED
_c2018-07-11
_lф /
_kГГГ
999 _d205297
999 _d205297
999 _d205297
999 _d205297
999 _d205297
999 _d205297
999 _d205297